| 000 | 00837nam a2200253Ia 4500 | ||
|---|---|---|---|
| 003 | GCL | ||
| 008 | 140319s9999 xx 000 0 ara d | ||
| 040 |
_aGCL / _cGCL |
||
| 082 | 0 | 4 |
_a415.503 _bم ا |
| 100 | 1 | _aمحمد مراياتى | |
| 245 | 1 | 0 |
_aاحصاء الافعال العربية فى المعجم الحاسوبى / _cمحمد مراياتى |
| 700 | 1 | _aمحمد حسان الطيان | |
| 700 | 1 | _aمروان البواب | |
| 700 | 1 | _aيحيى مير علم | |
| 300 | _a577 ص | ||
| 490 |
_aالمعجم الحاسوبى _v0 |
||
| 650 | 0 | 4 | _aاللغة العربية |
| 650 | 0 | 4 | _aالصرف |
| 650 | 0 | 4 | _aالمعاجم |
| 650 | 0 | 4 | _aاللغة العربية - المعاجم |
| 650 | 0 | 4 | _aاللغة العربية - مصر |
| 650 | 0 | 4 | _aاللغة العربية-الصرف - مصر |
| 942 |
_2ddc _cBK |
||
| 999 |
_c47947 _d47947 |
||